| 000 | 00370nam a2200109Ia 4500 | ||
|---|---|---|---|
| 008 | 160531s9999 xx 000 0 und d | ||
| 100 | _aLieberman, Michael A. | ||
| 245 | _aBiochemistry, Molecular Biology, And Genetics, 6th Edition | ||
| 245 | _cBy:Michael A. Lieberman, Rick Ricer | ||
| 260 | _c2013 | ||
| 856 | _uhttp://file.ebook777.com/006/BrsBioMolBioAndGen6thEdi.pdf | ||
| 999 |
_c295434 _d295434 |
||